| 000 | 01040nam0a2200289 4500 | ||
|---|---|---|---|
| 001 | RU\NLR\BIBL_A\011338884 | ||
| 005 | 20250626045237.0 | ||
| 010 |
_a978-5-4444-2329-5 _91200 |
||
| 021 |
_aRU _b2017-7630 _9557 |
||
| 035 | _a(NLR Aleph) 011338884 | ||
| 090 |
_a11180985 _c11180985 |
||
| 100 | _a20170302d2016 |||y0rusy50 ca | ||
| 101 | 1 |
_arus _cfre |
|
| 102 | _aRU | ||
| 105 | _aac z 000zy | ||
| 200 | 1 |
_aНеаполь _eот барокко к Просвещению _fЛука Сальца _g[перевод с французского Зубкова Н. Н.] |
|
| 210 |
_aМосква _cВече _d2016 _d(макет 2017) |
||
| 215 |
_a302, [1] с. _cил., портр. _d21 |
||
| 225 | 1 | _aГиды цивилизаций | |
| 333 | _a12+ | ||
| 607 |
_aНеаполь, город (Италия) _xИстория _z18 в. _92318598 _3RU\NLR\AUTH\6601612295 |
||
| 686 | _aТ3(4Ит-2А/Я)44,02 | ||
| 700 | 1 |
_aСальца _bЛ. _gЛука |
|
| 942 | _cBOOK | ||
| 980 | _aNB | ||